Transition Metals in the Synthesis of Complex Organic Molecules. (Record no. 5340)

MARC details
000 -LEADER
fixed length control field 00567nam a22002057a 4500
003 - CONTROL NUMBER IDENTIFIER
control field OSt
005 - DATE AND TIME OF LATEST TRANSACTION
control field 20161011190000.0
008 - FIXED-LENGTH DATA ELEMENTS--GENERAL INFORMATION
fixed length control field 161011b xxu||||| |||| 00| 0 eng d
020 ## - INTERNATIONAL STANDARD BOOK NUMBER
International Standard Book Number 1891389041
040 ## - CATALOGING SOURCE
Transcribing agency DDC.
082 ## - DEWEY DECIMAL CLASSIFICATION NUMBER
Classification number 547.2HEG 1999.
100 ## - MAIN ENTRY--PERSONAL NAME
Personal name Hegedus, Louis S;
9 (RLIN) 11177
245 ## - TITLE STATEMENT
Title Transition Metals in the Synthesis of Complex Organic Molecules.
250 ## - EDITION STATEMENT
Edition statement 2nd ed.
260 ## - PUBLICATION, DISTRIBUTION, ETC. (IMPRINT)
Place of publication, distribution, etc. Califonia.
Name of publisher, distributor, etc. University Science Books.
Date of publication, distribution, etc. 1999.
300 ## - PHYSICAL DESCRIPTION
Extent x,337p;
Other physical details ill;
Dimensions 27cm.
504 ## - BIBLIOGRAPHY, ETC. NOTE
Bibliography, etc includes index.
650 ## - SUBJECT ADDED ENTRY--TOPICAL TERM
Topical term or geographic name as entry element chemistry.
9 (RLIN) 797
942 ## - ADDED ENTRY ELEMENTS (KOHA)
Source of classification or shelving scheme Dewey Decimal Classification
Koha item type Open Shelf
Holdings
Withdrawn status Lost status Source of classification or shelving scheme Damaged status Not for loan Home library Current library Date acquired Source of acquisition Inventory number Total Checkouts Full call number Barcode Date last seen Price effective from Koha item type
    Dewey Decimal Classification     MUST Main Library MUST Main Library 11/10/2016   05/23860   547.2HEG 1999. 2016-4730 11/10/2016 11/10/2016 Open Shelf
    Dewey Decimal Classification     MUST Main Library MUST Main Library 11/10/2016   04/22660   547.2HEG 1999. 2016-4731 11/10/2016 11/10/2016 Open Shelf
    Dewey Decimal Classification     MUST Main Library MUST Main Library 13/10/2016   06/28030   547.2HEG 1999. 2016-4770 13/10/2016 13/10/2016 Open Shelf
    Dewey Decimal Classification     MUST Main Library MUST Main Library 13/10/2016   04/21004   547.2HEG 1999. 2016-4771 13/10/2016 13/10/2016 Open Shelf
    Dewey Decimal Classification     MUST Main Library MUST Main Library 13/10/2016   05/23859   547.2HEG 1999. 2016-4772 13/10/2016 13/10/2016 Open Shelf
    Dewey Decimal Classification     MUST Main Library MUST Main Library 13/10/2016   04/22659   547.2HEG 1999. 2016-4773 13/10/2016 13/10/2016 Open Shelf
    Dewey Decimal Classification     MUST Main Library MUST Main Library 18/10/2016   06/28029   547.2HEG 1999. 2016-4820 18/10/2016 18/10/2016 Open Shelf